Mora por álbumes - Statistics

General Stats
  • This quiz has been taken 71 times
  • The average score is 37 of 60
Answer Stats
Answer % Correct
Primer Dia de Clases
93%
LA INOCENTE
90%
MEMORIAS
88%
Tuyo
88%
512
81%
APA
81%
MEDIA LUNA
81%
DONDE SE APRENDE A QUERER?
78%
2010
76%
Bad Trip :(
76%
CÓMO HAS ESTAU?
76%
REINA
76%
Volando
76%
CALENTÓN
74%
MODELITO
74%
UN DESEO
74%
DIAMONDS
71%
ESCALOFRÍOS
71%
ROBERT DE NIRO
71%
Te Conocí Perriando
71%
BIENVENIDA AL PARAÍSO
69%
DOMINGO DE BOTE
67%
PIDE
67%
QUÉ HABILIDAD
67%
EIVISSA
64%
EL CHACAL
64%
PLAYA PRIVADA
64%
Desaparecer
62%
LAGUNA
62%
PASAJERO
62%
TUS LÁGRIMAS
60%
CÓRCEGA
59%
LINDOR
59%
PÓLVORA
59%
EN LA ORILLA
57%
MAREA
57%
OJOS COLORAU
57%
Vacío
57%
CASUALIDAD
55%
Cuando Será
55%
FANTASIAS
55%
PECADO
55%
AIRBNB
53%
La Receta
53%
Pégate - Remix
53%
QSY
53%
COSITAS
52%
MALAFAMA
52%
TÚ SABES DONDE VIVO
52%
LOKITA
50%
TU AMIGO
50%
AYER Y HOY
48%
ORO ROSADO
48%
A Fuego
47%
Fin del Mundo
45%
En Un Avión
40%
LEJOS DE TI
40%
La Carita
34%
No Digas Nada
33%
¿Qué Tú Dices?
9%
No matching quizzes found
Score Distribution
Percent of People with Each Score
Percentile by Number Answered
Your Score History
You have not taken this quiz